000 01208nam a2200373 a 4500
001 000110010
003 CHAP
005 20220329144114.0
008 140620s2012 it adj |r| ||||||eng d
010 _a106472
011 _a107444
020 _a9789251072820
040 _cCHAP
082 0 4 _a628.1
_bF34y v.37
245 1 0 _aIrrigation in Southern and Eastern Asia in figures. AQUASTAT Survey - 2011 /
_ceditado por Karen Frenken.
260 _aRoma :
_bFAO,
_c2012.
300 _a487 p. :
_bil., diagrs., tabs.
490 0 _aInformes sobre temas hídricos
_v; 37
590 _aE5995AHE
_b05
_c20140620
_lUCH01
_h0915
590 _aE5995AHE
_b05
_c20140620
_lUCH01
_h0915
590 _aE5995AHE
_b05
_c20140620
_lUCH01
_h0917
590 _aE5995AHE
_b05
_c20140620
_lUCH01
_h0926
590 _aE5995AHE
_b05
_c20140620
_lUCH01
_h0953
650 _aRecursos hidráulicos
_zAsia
_9127386
650 1 4 _aGestión de riesgos.
_947803
650 1 4 _aMétodos de riego.
_976630
650 1 4 _aOrdenación de aguas.
_983422
650 1 4 _aRecursos renovables.
_995336
700 1 _aFrenken, Karen
_943178
830 0 0 _aInformes sobre temas hídricos
_v; 37
_958154
901 _aBK
942 _cLIBRO
942 _n0
999 _c106472
_d106472